Findaproperty.com (Record no. 120809)
[ view plain ]
| 000 -LEADER | |
|---|---|
| fixed length control field | 00779cai a22001815a 4500 |
| 001 - CONTROL NUMBER | |
| control field | L147982 |
| 008 - FIXED-LENGTH DATA ELEMENTS--GENERAL INFORMATION | |
| fixed length control field | 090707u xxk g 000 0 eng d |
| 035 ## - SYSTEM CONTROL NUMBER | |
| System control number | (Sirsi) u147982 |
| 041 0# - LANGUAGE CODE | |
| Language code of text/sound track or separate title | eng |
| 110 2# - MAIN ENTRY--CORPORATE NAME | |
| Corporate name or jurisdiction name as entry element | The Digital Property Group Limited |
| 9 (RLIN) | 5767 |
| 245 00 - TITLE STATEMENT | |
| Title | Findaproperty.com |
| Medium | [electronic resource] |
| 520 ## - SUMMARY, ETC. | |
| Summary, etc. | Provides resources to find a property in the United Kingdom and worldwide. Includes information on the property market, guidance on how to buy, sell, let or rent properties. Presents property news, guidance and articles. Monthly UK House prices and Affordability Index. |
| 590 ## - LOCAL NOTE (RLIN) | |
| Local note | KA |
| 651 #4 - SUBJECT ADDED ENTRY--GEOGRAPHIC NAME | |
| Geographic name | International |
| 690 ## - LOCAL SUBJECT ADDED ENTRY--TOPICAL TERM (OCLC, RLIN) | |
| Topical term or geographic name as entry element | PROPERTY-PROPERTY MARKET |
| 856 40 - ELECTRONIC LOCATION AND ACCESS | |
| Uniform Resource Identifier | <a href="https://www.findaproperty.com/">https://www.findaproperty.com/</a> |
| Public note | View the website at www.findaproperty.com... |
| 942 ## - ADDED ENTRY ELEMENTS (KOHA) | |
| Suppress in OPAC | 0 |
| Withdrawn status | Lost status | Source of classification or shelving scheme | Damaged status | Not for loan | Home library | Current library | Shelving location | Date acquired | Total Checkouts | Full call number | Barcode | Date last seen | Copy number | Price effective from | Koha item type |
|---|---|---|---|---|---|---|---|---|---|---|---|---|---|---|---|
| Dewey Decimal Classification | Virtual | Virtual | Online | 08/07/2009 | ONLINE PUBLICATION | 147982-2001 | 06/08/2019 | 1 | 06/08/2019 | Online material |